Addendum for the RICS UK Residential Property Standards (the Blue Book) 5th edition (Record no. 115160)

MARC details
000 -LEADER
fixed length control field 01440cam a22003015a 4500
001 - CONTROL NUMBER
control field L158129
008 - FIXED-LENGTH DATA ELEMENTS--GENERAL INFORMATION
fixed length control field 140728s2014 xxk f 000 0 eng d
035 ## - SYSTEM CONTROL NUMBER
System control number (Sirsi) u158129
041 0# - LANGUAGE CODE
Language code of text/sound track or separate title eng
110 2# - MAIN ENTRY--CORPORATE NAME
Corporate name or jurisdiction name as entry element Royal Institution of Chartered Surveyors
9 (RLIN) 4900
240 ## - UNIFORM TITLE
Uniform title Blue Book
245 00 - TITLE STATEMENT
Title Addendum for the RICS UK Residential Property Standards (the Blue Book) 5th edition
Remainder of title July 2014
260 ## - PUBLICATION, DISTRIBUTION, ETC.
Place of publication, distribution, etc. London
Name of publisher, distributor, etc. RICS
Date of publication, distribution, etc. 2014
490 ## - SERIES STATEMENT
Series statement RICS Blue Book
520 ## - SUMMARY, ETC.
Summary, etc. July 2014 addendum updates various legal aspects of the 5th edition 2011 to take into account changes made by the repeal of the Property Misdescriptions Act 1991 in October 2013, the Business Protection from Misleading Marketing Regulations 2008 and the Enterprise and Regulatory Reform Act 2013. To be read in conjunction with June 2013 addendum L157909 and the 5th edition 2011 L154346.
590 ## - LOCAL NOTE (RLIN)
Local note KA
650 24 - SUBJECT ADDED ENTRY--TOPICAL TERM
Topical term or geographic name entry element BLUE BOOK
650 24 - SUBJECT ADDED ENTRY--TOPICAL TERM
Topical term or geographic name entry element PROPERTY MISDESCRIPTIONS ACT 1991
650 24 - SUBJECT ADDED ENTRY--TOPICAL TERM
Topical term or geographic name entry element CONSUMER PROTECTION FROM UNFAIR TRADING REGULATIONS 2008
650 24 - SUBJECT ADDED ENTRY--TOPICAL TERM
Topical term or geographic name entry element ENERGY ACT 2011
650 24 - SUBJECT ADDED ENTRY--TOPICAL TERM
Topical term or geographic name entry element ENERGY PERFORMANCE OF BUILDINGS (ENGLAND AND WALES) REGULATIONS 2012
650 24 - SUBJECT ADDED ENTRY--TOPICAL TERM
Topical term or geographic name entry element RICS UK RESIDENTIAL PROPERTY STANDARDS 5TH EDITION
650 24 - SUBJECT ADDED ENTRY--TOPICAL TERM
Topical term or geographic name entry element BUSINESS PROTECTION FROM MISLEADING MARKETING REGULATIONS 2008
650 24 - SUBJECT ADDED ENTRY--TOPICAL TERM
Topical term or geographic name entry element ENTERPRISE AND REGULATORY REFORM ACT 2013
651 #4 - SUBJECT ADDED ENTRY--GEOGRAPHIC NAME
Geographic name United Kingdom
690 ## - LOCAL SUBJECT ADDED ENTRY--TOPICAL TERM (OCLC, RLIN)
Topical term or geographic name as entry element Residential property
9 (RLIN) 6266
942 ## - ADDED ENTRY ELEMENTS (KOHA)
Suppress in OPAC 0
Source of classification or shelving scheme Dewey Decimal Classification
Holdings
Withdrawn status Lost status Source of classification or shelving scheme Damaged status Not for loan Home library Current library Shelving location Date acquired Total Checkouts Full call number Barcode Date last seen Copy number Price effective from Koha item type
    Dewey Decimal Classification     London London RICS Boxes 29/07/2014   RICS 2014/2 30075254 06/08/2019 1 06/08/2019 Archive
    Dewey Decimal Classification     London London RICS Boxes 29/07/2014   RICS 2014/2 30075250 06/08/2019 2 06/08/2019 Book